| 000 | 00588nam a22001695i 4500 | ||
|---|---|---|---|
| 001 | 168728 | ||
| 003 | ES-MaACL | ||
| 005 | 20230906213854.0 | ||
| 008 | 080528q1871 xxk |||| | eng d | ||
| 080 | _a75.02 | ||
| 245 | 0 | 2 | _aA list of water colour materials manufactured by George Rowney $ Co. manufacturing. |
| 260 |
_a[London : _bGeo. Rowney & Co., _c1871?] |
||
| 300 |
_a37 p. : _bil. ; _c18 cm. |
||
| 650 | 4 |
_aMateriales para artistas. _9137816 |
|
| 710 | 2 |
_aGeorge Rowney and Co. _9174713 |
|
| 852 | 4 |
_aES-MaACL _jT-894-F-6 _z- Enc. en un vol. facticio conservando cub. original |
|
| 999 |
_c168728 _d168728 |
||